000 00323 a2200133 4500
001 73626
082 _a510.2462 KRE
090 _c38923
_d38923
100 _aKreyszig Erwin
245 _aAdvanced engineering mathematics, 7/e
250 _a7th
260 _aNY
_bHolt Rinehart and Winston
_c1975
300 _a866 p.
942 _aNUST-CAE
_k510.2462 KRE
999 _c308699
_d308699